| 000 | 00819nam a2200277 a 4500 | ||
|---|---|---|---|
| 001 | 25557 | ||
| 003 | CO-ViMGA | ||
| 008 | 141112s2004 ck r 000 u spa d | ||
| 020 | _a9789583013171 | ||
| 040 |
_aCO-ViMGA _bspa _cCO-ViMGA |
||
| 041 | _aSPA | ||
| 082 | 0 | 4 | _a794.1 Y26a |
| 100 | 1 | _aYepes, Luis Eduardo | |
| 245 | 1 | 0 |
_aAjedrez / _cLuis Eduardo Yepes, Johann Echavarría ; ilustraciones Catalina Acelas |
| 250 | _a1a ed., 1a reimpr. | ||
| 260 |
_aBogotá : _bPanAméricana, _c2010 |
||
| 300 | _a135 p. | ||
| 490 | _aInterés general | ||
| 650 | 1 | 4 | _aAJEDREZ |
| 650 | 1 | 4 |
_aAJEDREZ - ENSEÑANZA ELEMENTAL _939057 |
| 650 | 1 | 4 |
_aAJEDREZ - JUEGOS INFANTILES _939058 |
| 650 | 1 | 4 |
_aDESDE LOS 12 AÑOS _92195 |
| 700 | 1 |
_aAcelas, Catalina _939059 |
|
| 700 | 1 |
_aEchavarría, Johann _939060 |
|
| 942 |
_2ddc _cBK |
||
| 999 |
_c5134 _d5134 |
||